Vista normal
Vista MARC
Entrada Materia (personas)
Número de registros utilizados en: 1
001 - CONTROL NUMBER
- control field: 29793
003 - CONTROL NUMBER IDENTIFIER
- control field: Co-BoUCM
005 - DATE AND TIME OF LATEST TRANSACTION
- control field: 20130222081051.0
008 - FIXED-LENGTH DATA ELEMENTS
- fixed length control field: 130222|| aca||aabn | a|a d
040 ## - CATALOGING SOURCE
- Original cataloging agency: Co-BoUCM
- Transcribing agency: Co-BoUCM
100 ## - HEADING--PERSONAL NAME
- Personal name: Rivero y Ustáriz, Mariano Eduardo de
- Dates associated with a name: 1857-
670 ## - SOURCE DATA FOUND
- Source citation: Work cat.: (Co-BoUCM)69801: Rivero y Ustáriz, Mariano Eduardo de 1857-, Antigüedades peruanas, 1851.